000 01348nam a2200289Ia 4500
001 F6430
003 IT-RoPAU
008 130308s9999 xx 000 0 und d
040 _aIT-RoPAU
040 _cIT-RoPAU
041 _aITALIANO
100 _aZappoli Giancarlo
100 _gCodice Aut. SPICS: 22841
245 _aEric Rohmer
245 _bEric Rohmer
250 _a1a ed.
260 _aMILANO
260 _bIl Castoro
260 _c1998 [1° Ed.:1998 - Ed.Ling.Originale:1998]
300 _a"176 p. (prefazione: no ; testo: 176 [pagine: 0-0])"
500 _aMonografia su un regista Timido e Schivo Ad Ogni Pubblicità. Incerti Datae Luogo di Nascita, Anche Se Lui Afferma di Essere nato nel 1920 a Tulle (Correze). si chiama Maurice Scherer ed è di Origine Alsaziana. Usa in Genere Due Pseudonimi: Eric Rohmer e Gilbert Cordier. maestro Inimitabile Nellacostruzione di Dialoghi Intensi e di relazioni Amorose Intrecciate Alle regole del Caso. Dalla Nouvelle vague fino Ad Oggi Ha ritratto I Suoi Personaggi con Efficacia. Ricordiamo I Film: la mia Notte con Maud (1969), Il Raggio verde (1986), un Ragazzo tre ragazze (1996), Racconto D'Autunno (1998). Filmografia, videografia e Bibliografia.
650 _aAUTORI/OPERE DEL CINEMA
650 _eCodice materia Spics: 6807
942 _cBK
957 _71
999 _c87382
_d87382
999 _g1